000 00961 a2200265 4500
005 20250613144851.0
020 _a0198782896
050 0 0 _aK 1322
_bMEV 2018
100 1 _aMevorach, Irit,
_eauthor.
245 1 4 _aThe future of cross-border insolvency :
_bovercoming biases and closing gaps /
_cIrit Mevorach.
264 1 _aOxford, United Kingdom :
_bOxford University Press,
_c2018.
300 _a 290 pages ;
336 _atext
_btxt
_2rdacontent
337 _aunmediated
_bn
_2rdamedia
338 _avolume
_bnc
_2rdacarrier
504 _aIncludes bibliographical references (pages 263-283) and index.
650 0 _aInternational business enterprises
_xLaw and legislation.
650 0 _aConflict of laws
_xBankruptcy.
650 0 _aBankruptcy.
650 7 _aBankruptcy.
650 7 _aConflict of laws
_xBankruptcy.
650 7 _aInternational business enterprises
_xLaw and legislation.
650 7 _aCompliance-System
942 _2lcc
_cBK
_h1322
_iMEV
_kK
999 _c11550
_d11550